000 01253cam a22003614a 4500
001 16964055
003 OSt
005 20180116183059.0
008 110915s2012 nyua b 001 0 eng
010 _a 2011038559
020 _a9780071771214 (alk. paper)
020 _a0071771212 (alk. paper)
035 _a(OCoLC)ocn721902705
040 _aDLC
_cDLC
_dYDX
_dBTCTA
_dYDXCP
_dBWX
_dOKN
_dCDX
_dDEBBG
_dDLC
042 _apcc
050 0 0 _aHD38.5
_b.S6557 2012
082 0 0 _a658.7 SRI 2012
_223
084 _aQP 530
_2rvk
100 1 _aSrinivasan, Mandyam M.
245 1 0 _aBuilding lean supply chains with the theory of constraints /
_cMandyam M. Srinivasan.
260 _aNew York :
_bMcGraw-Hill,
_cc2012.
300 _axxv, 358 p. :
_bill. ;
_c24 cm.
440 _aBuilding lean supply chains with the theory of constraints
500 _aHB.
504 _aIncludes bibliographical references and index.
650 0 _aBusiness logistics.
650 0 _aLean manufacturing.
650 0 _aQuality control.
650 0 _aCost control.
906 _a7
_bcbc
_corignew
_d1
_eecip
_f20
_gy-gencatlg
942 _2ddc
_cBK
999 _c351939
_d351939